VI congreso nacional de estudiantes del área teológica: inculturación de la fe

Guardat en:
Dades bibliogràfiques
Autor corporatiu: Universidad Católica de Temuco (Autor)
Format: Llibre
Idioma:espanyol
Publicat: Temuco Universidad Católica de Temuco 2005
Edició:1a. ed
Matèries:
Etiquetes: Afegir etiqueta
Sense etiquetes, Sigues el primer a etiquetar aquest registre!

MARC

LEADER 00000nam a2200000 a 4500
001 UCI0421
003 CL-VaPUC
005 20220607074400.0
008 070511e20050000cl 1 spa d
082 0 4 |a 261  |b UNI  |2 21 
110 2 |a Universidad Católica de Temuco  |e author  |9 620997 
245 1 0 |a VI congreso nacional de estudiantes del área teológica: inculturación de la fe 
250 |a 1a. ed 
260 |a Temuco  |b Universidad Católica de Temuco  |c 2005 
300 |a Pág. irreg 
583 |a last modification  |c 20070511 00:00:00  |k Rodrigo Vera 
650 0 0 |a Teología social  |9 326726 
650 0 7 |a INFLUENCIA CULTURAL  |2 CL-VaPUC  |9 393701 
650 0 0 |a Cambio social   |9 256857 
650 0 0 |a Teología cristiana  |9 308336 
650 0 7 |a EVANGELIZACION  |2 CL-VaPUC  |9 620998 
650 0 0 |a Educación religiosa   |9 308312 
650 0 7 |a JUV  |9 606541ENTUD  |2 CL-VaPUC 
942 |c BK 
945 |a cmena  |d 20070511 00:00:00 
546 |a En Español 
536 |a CONEAT 
518 |p Congreso Nacional de Estudiantes del Area Teológica, 6, Temuco, 8 al 10 de octubre de 2005 
999 |c 384253  |d 384251 
952 |0 0  |1 0  |4 0  |6 261_000000000000000_UNI_2005  |7 0  |8 T  |9 506883  |a BIBTEO  |b BIBTES  |d 2020-01-23  |i 428884K  |o 261 UNI 2005  |p 428884K  |r 2023-01-25  |w 2020-01-23  |y BK  |k ICR